000 00776cam a22002415a 4500
005 20201128013326.0
008 140120t2007 at ad fr 001 0 eng d
020 _a0324224729
020 _a9780324423501
040 _aEG-ScBUE
_beng
_cEG-ScBUE
_dEG-ScBUE
082 0 4 _a330
_bMAN
_222
100 1 _aMankiw, N. Gregory.
_910263
245 1 0 _aPrinciples of economics /
_cN. Gregory Mankiw.
246 3 0 _aEconomics
250 _a4th ed.
260 _aAuustralia :
_bThomson / South-Western,
_cc.2007.
300 _axl, 896 p. :
_bill. (col.) ;
_c27 cm.
500 _aGlossary : p. 873-878.
504 _aIncludes bibliographical references and index.
650 7 _aEconomics.
_9720
_2BUEsh
653 _cJanuary2014
_cDecember2017
_bBUSECO
942 _cBB
_k330 MAN
_2ddc
999 _c6239
_d6239